| 000 | 01115nam a22002894a 4500 | ||
|---|---|---|---|
| 005 | 20090714115318.0 | ||
| 008 | 060221s2006 ilu b 000 0 eng | ||
| 010 | _aENG-94417 | ||
| 020 |
_a9788120335752 _c195.00 |
||
| 035 | _aEN-77950 | ||
| 037 | _bDBAD / PUB | ||
| 040 |
_adpl _bEnglish |
||
| 082 | _a362.1068 | ||
| 100 | _aKaufman, Kenneth | ||
| 245 |
_aBest practice financial management : _bsix key concepts for healthcare leaders / _cby Kenneth Kaufman |
||
| 250 | _a3rd ed. | ||
| 260 |
_aNew Delhi _bPHI Learning _c2008 |
||
| 270 |
_aM-97, Connaught Circus _bNew Delhi _e110001 |
||
| 300 |
_axiv, 154 p. _c24cm(pbk) |
||
| 500 | _aRev. ed. of: Finance in brief. 2nd ed. 2003. | ||
| 504 | _aIncludes bibliographical references | ||
| 650 |
_aHealth facilities _xBusiness management. |
||
| 650 |
_aHealth facilities _xFinance. |
||
| 650 | _aHealth services administrators. | ||
| 942 |
_2ddc _cEN _h362.1068 |
||
| 999 |
_c28253 _d28253 |
||